[Event "Emerald City op"]
[Site "Chess.com INT"]
[Date "2020.06.20"]
[Round "?"]
[White "Gottumukkala, Anath"]
[Black "Wang, Zerong"]
[Result "0-1"]
[WhiteElo "1785"]
[BlackElo "2135"]
[PlyCount "112"]
[EventDate "2020.06.20"]
[EventType "swiss"]
[EventRounds "5"]
[EventCountry "USA"]
[SourceTitle "EXT 2023"]
[Source "ChessBase"]
[SourceDate "2022.10.05"]
[SourceVersion "1"]
[SourceVersionDate "2022.10.05"]
[SourceQuality "1"]

1. e4 e5 2. Nf3 Nf6 3. Nxe5 d6 4. Nf3 Nxe4 5. d4 d5 6. Bd3 Nc6 7. 0-0 Be7 8. Nbd2 Nxd2 9. Bxd2 Bg4 10. c3 Qd7 11. Re1 0-0 12. b4 a6 13. a4 Bd6 14. h3 Bf5 15. Qb1 Bxd3 16. Qxd3 Rfe8 17. Ng5 g6 18. f4 f6 19. Nf3 Rxe1+ 20. Rxe1 Re8 21. Rb1 Nd8 22. c4 dxc4 23. Qxc4+ Qe6 24. Qxe6+ Nxe6 25. g3 Kf7 26. Kf2 c6 27. b5 axb5 28. axb5 c5 29. Be3 Ra8 30. Rb2 Ra3 31. b6 cxd4 32. Nxd4 Rxe3 33. Kxe3 Bc5 34. Ke4 Bxd4 35. Rd2 f5+ 36. Kd5 Bf6 37. Kd6 Be7+ 38. Kd7 Nc5+ 39. Kc7 Kf6 40. g4 h6 41. Re2 Ne6+ 42. Kxb7 Nxf4 43. Rd2 Bc5 44. gxf5 Kxf5 45. Kc6 Bxb6 46. Kxb6 Nxh3 47. Kc5 g5 48. Kd4 Kf4 49. Re2 g4 50. Re6 h5 51. Rf6+ Kg3 52. Ke4 Ng5+ 53. Kf5 Nf3 54. Ke4 h4 55. Rg6 h3 56. Kf5 Nh4+ 0-1